[Event "45th Olympiad Budapest 2024"]
[Site "Budapest"]
[Date "2024.09.20"]
[Round "9.4"]
[White "Mapuranga, Vitalis"]
[Black "Zerafa, Patrick"]
[Result "1-0"]
[WhiteElo "2013"]
[BlackElo "1986"]
[PlyCount "119"]
[EventDate "2024.09.11"]
[EventType "team"]
[EventRounds "11"]
[EventCountry "HUN"]
[WhiteTeam "Zimbabwe"]
[BlackTeam "Malta"]
[WhiteTeamCountry "ZIM"]
[BlackTeamCountry "MLT"]

1. d4 Nf6 2. c4 g6 3. Nc3 Bg7 4. e4 d6 5. Nf3 O-O 6. Be2 e5 7. d5 Nh5 8. Bg5 f6 9. Be3 ({RR} 9. Bd2 Nf4 10. Bxf4 exf4 {½-½ (10) Medancic,R (2340)-Nurkic,S (2420) Toscolano 1995}) ({RR} 9. Bh4 Nf4 10. Rg1 a5 11. Nd2 Na6 12. Bg3 Nc5 13. Bxf4 exf4 14. Qc2 f5 15. O-O-O a4 16. Bf3 g5 17. g4 fxg4 18. Bxg4 Bxg4 19. Rxg4 h5 20. Rg2 a3 {½-½ (20) Zhang,S-Zhou,R (1882) Shanghai CHN 2024}) 9... Nf4 10. Bf1 h6 $146 ({RR} 10... f5 11. g3 fxe4 12. Nxe4 Nh3 13. Nfg5 Nxg5 14. Bxg5 Qe8 15. g4 h6 16. Be3 Qf7 17. Bg2 Nd7 18. h3 b6 19. Qd2 Kh7 20. O-O-O a5 21. Qc2 a4 {½-½ (21) Vukic,A (2187)-Jakesevic,B (2095) Zagreb 2008}) ({RR} 10... f5 11. g3 Nh5 12. exf5 Bxf5 13. Nh4 Nf6 14. Nxf5 gxf5 15. Bh3 Nfd7 16. Qh5 Qf6 17. Nb5 Na6 18. O-O Qf7 19. Qe2 Ndc5 20. a3 Kh8 21. b4 Ne4 22. Bg2 c6 23. dxc6 bxc6 24. Bxe4 Qd7 25. Bg2 {Szczepaniec,S (2083)-Walczak,K (1921) Gdansk 2006 1-0 (37)}) ({RR} 10... f5 11. g3 Nh5 12. exf5 Bxf5 13. Ng5 Nf6 14. h3 a5 15. g4 Bc8 16. Qd2 Qe7 17. Bd3 c6 18. O-O-O Bd7 19. Nge4 Na6 20. Nxf6+ Bxf6 21. dxc6 Bxc6 22. Be4 Bxe4 23. Nxe4 Rac8 24. Kb1 Nc5 25. Nxd6 {Goncalves,D (2172)-Leacima,G (1864) Florianopolis 2017 1-0 (48)}) 11. h3 g5 12. Qc2 f5 13. O-O-O a5 14. h4 g4 15. Ne1 Na6 16. f3 Nh5 17. Bf2 g3 18. Be3 f4 19. Bg1 Bf6 20. a3 Kg7 21. Nd3 b6 22. b4 axb4 23. axb4 Be7 24. Kd2 Kg6 25. Qb2 Bxh4 26. Ra1 Rb8 27. Nb5 Bf6 28. Na7 Bb7 29. Ra3 Rc8 30. Nxc8 Bxc8 31. Qa2 Nb8 32. c5 bxc5 33. bxc5 dxc5 34. Nxc5 c6 35. Bd3 Ng7 36. Ra8 Nd7 37. Qa7 Rf7 38. Ne6 Qe8 39. Qc7 Nxe6 40. dxe6 Qxe6 41. Qxc8 Qb3 42. Qxc6 Qb2+ 43. Qc2 Qb4+ 44. Qc3 Qb7 45. Ra7 Qb8 46. Bc4 Re7 47. Bd5 Qb1 48. Ra1 Qb8 49. Ba7 Qd8 50. Rhb1 Bg7 51. Rb7 Nf6 52. Rxe7 Qxe7 53. Ra6 Kh7 54. Qc5 Nxd5 55. exd5 Qf7 56. Qc2+ Kg8 57. Qc4 Qb7 58. d6+ Kh8 59. Rc6 Qxa7 60. Rc8+ 1-0

[Event "45th Olympiad Budapest 2024"]
[Site "Budapest"]
[Date "2024.09.20"]
[Round "9.1"]
[White "Ortega Amarelle, Mariano"]
[Black "Kayonde, Andrew"]
[Result "1-0"]
[WhiteElo "2453"]
[BlackElo "2338"]
[PlyCount "117"]
[EventDate "2024.09.11"]
[EventType "team"]
[EventRounds "11"]
[EventCountry "HUN"]
[WhiteTeam "Cape Verde"]
[BlackTeam "Zambia"]
[BlackTeamCountry "ZAM"]

1. Nf3 d5 2. d4 Nf6 3. c4 e6 4. g3 Be7 5. Bg2 O-O 6. Qc2 c5 7. O-O cxd4 8. Nxd4 dxc4 ({RR} 8... e5 9. Nf5 d4 10. Nxe7+ Qxe7 11. Bg5 h6 12. Bxf6 Qxf6 13. Nd2 Bf5 14. Qb3 Nd7 15. Qa3 Qb6 16. Rfc1 Rfc8 17. b4 a5 18. c5 Qa6 19. Nc4 Be6 20. Nd6 axb4 21. Qxa6 bxa6 22. Nxc8 Rxc8 23. c6 {Aronian,L (2826)-Carlsen,M (2872) Zuerich 2014 1-0 (53)}) ({RR} 8... e5 9. Nf3 e4 10. Nd4 Nc6 11. Nxc6 bxc6 12. Nc3 Be6 13. Rd1 Qa5 14. Bf4 Rac8 15. Rac1 Rfd8 16. h3 Nh5 17. Be3 f5 18. Qa4 Qxa4 19. Nxa4 dxc4 20. Bc5 Kf7 21. e3 Rd5 22. Bxe7 Kxe7 23. Nc3 {Liska,J (2281)-Horak,M (2338) Czech Republic CZE 2024 ½-½ (86)}) 9. Qxc4 e5 10. Nf3 $146 ({RR} 10. Nb3 Nc6 11. Bg5 a6 12. Bxf6 Bxf6 13. Nc3 Be6 14. Bd5 Bxd5 15. Nxd5 Rc8 16. Qe4 g6 17. Nc5 Bg7 18. Nxb7 Qd7 19. Nc5 Qd6 20. Nxa6 Nd4 21. Nab4 Rc4 22. a3 Rfc8 23. Qd3 f5 24. Ne3 R4c7 {Vo,T (2335)-Panopio,R (2179) Ho Chi Minh City 2011 ½-½ (48)}) ({RR} 10. Nb3 Nc6 11. Nc3 Be6 12. Qb5 Qb6 13. Qxb6 axb6 14. Be3 Bxb3 15. axb3 Bc5 16. Bxc5 bxc5 17. Bxc6 bxc6 18. Na4 Ra5 19. Rac1 Rb8 20. Rxc5 Rxc5 21. Nxc5 Rb5 22. Rc1 Kf8 23. Rc4 Ke7 24. b4 Nd5 {Beaumont,C (2435)-Dunnington,A (2280) Edinburgh 1989 ½-½ (51)}) ({RR} 10. Nb3 Nc6 11. Bxc6 bxc6 12. Bg5 Qb6 13. N1d2 Ba6 14. Qh4 h6 15. Bxf6 Bxf6 16. Qe4 Bg5 17. Nf3 f5 18. Qc2 Bf6 19. Rfd1 Rad8 20. Rxd8 Rxd8 21. Qxf5 Bxe2 22. Re1 Qb5 23. Nfd2 Bd3 24. Ne4 Qb4 {Balog,I (2491)-Yaksin,O (2406) Kemer 2009 1-0 (32)}) 10... Nc6 11. Nc3 h6 12. Rd1 Be6 13. Qa4 Qb6 14. Bd2 Rac8 15. Qb5 Qc7 16. Be3 a6 17. Qa4 Na5 18. Qh4 Nc4 19. Bxh6 gxh6 20. Qxh6 Nh7 21. Bh3 Qc6 22. Bxe6 Qxe6 23. Qxe6 fxe6 24. Rd7 Bc5 25. Ne4 b5 26. b3 Nb6 27. Nxc5 Nxd7 28. Nxd7 Rfd8 29. Ndxe5 Rc2 30. Kf1 a5 31. Nd3 Nf6 32. Nfe1 Rc3 33. Rb1 Re8 34. f4 Ng4 35. h3 Ne3+ 36. Kf2 Nc2 37. Nf3 Nb4 38. Nxb4 axb4 39. Rb2 Rd8 40. g4 Rc6 41. Ke3 Ra6 42. h4 Rda8 43. Ke4 Rxa2 44. Rxa2 Rxa2 45. Nd4 Kf7 46. Ke5 Rd2 47. h5 Rb2 48. g5 Rd2 49. e4 Rd3 50. g6+ Kg7 51. Nxe6+ Kh6 52. Nd4 Kxh5 53. g7 Rg3 54. Kf6 Rg4 55. Nf5 Rg6+ 56. Kf7 Rg4 57. g8=Q Rxg8 58. Kxg8 Kg4 59. e5 1-0

[Event "45th Olympiad Budapest 2024"]
[Site "Budapest"]
[Date "2024.09.20"]
[Round "9.2"]
[White "Mulenga, Prince Daniel"]
[Black "Alho, Diogo"]
[Result "0-1"]
[WhiteElo "2184"]
[BlackElo "2192"]
[PlyCount "52"]
[EventDate "2024.09.11"]
[EventType "team"]
[EventRounds "11"]
[EventCountry "HUN"]
[WhiteTeam "Zambia"]
[BlackTeam "Cape Verde"]
[WhiteTeamCountry "ZAM"]

1. Nf3 {Hecht,Hans Joachim} d6 2. d4 f5 3. g3 Nf6 4. Bg2 g6 5. O-O Bg7 6. b3 O-O 7. Bb2 c6 8. c4 Qe8 9. d5 Na6 ({RR} 9... h6 10. dxc6 bxc6 11. b4 Bd7 12. Nc3 Qf7 13. Nd2 d5 14. Nb3 Ne4 15. Rc1 dxc4 16. Na5 Be6 17. Qc2 Bxc3 18. Bxc3 Bd5 19. Ba1 Nd7 20. Nxc4 Rab8 21. a3 c5 22. bxc5 Ndxc5 23. f3 Rfc8 24. Ne5 {Wells,P (2515)-Dias,P (2295) Escaldes 1998 CBM 068 [Hecht,Hans Joachim] 0-1 (49)}) ({RR} 9... e5 10. dxe6 Qxe6 11. Nc3 Na6 12. Qd2 Nc5 13. Rad1 Nfe4 14. Nxe4 Nxe4 15. Qc2 Bxb2 16. Qxb2 Qf6 17. Qxf6 Rxf6 18. Rd3 Be6 19. Rfd1 d5 20. cxd5 Bxd5 21. Ne5 Re8 22. f4 Rfe6 23. Bxe4 Bxe4 24. Rd7 {Ambartsumova,K (2406)-Lach,A (2300) chess.com INT 2024 1-0 (58)}) 10. Nc3 h6 11. Qd2 $146 ({RR} 11. Ne1 Bd7 12. Nd3 Rc8 13. Rc1 Qf7 14. Qd2 Kh8 15. Rfe1 Ne4 16. Nxe4 fxe4 17. Bxg7+ Kxg7 18. Bxe4 Bh3 19. e3 Nc5 20. Nxc5 dxc5 21. dxc6 Rxc6 22. Bxc6 bxc6 23. f4 Qf5 24. Rcd1 Qe4 25. Qb2+ Kh7 {Vianello,E (2163)-McDonald,K ICC INT 2009 1-0 (38)}) ({RR} 11. Nd2 Nc5 12. b4 Nfe4 13. Qc2 Nxc3 14. Bxc3 Bxc3 15. Qxc3 Na4 16. Qb3 c5 17. a3 Bd7 18. f4 b5 19. Rfe1 Rb8 20. e4 bxc4 21. Qxc4 Bb5 22. Qb3 cxb4 23. axb4 Rc8 24. Qe3 Rc7 25. exf5 Rxf5 {Phil,I (2092)-Dmitriev,A (1983) Petrozavodsk 2012 1-0 (33)}) 11... Bd7 12. Rae1 Nc5 13. Nd4 g5 14. Qc2 Ng4 15. Qd2 f4 16. b4 fxg3 17. fxg3 Qh5 18. Nf3 Rxf3 19. Rxf3 Qxh2+ 20. Kf1 Ne5 21. g4 Bxg4 22. bxc5 Bxf3 23. exf3 Nxf3 24. Qf2 Nxe1 25. Kxe1 Rf8 26. Qe3 Qxg2 0-1

[Event "45th Olympiad Budapest 2024"]
[Site "Budapest"]
[Date "2024.09.20"]
[Round "9.3"]
[White "Mirulla, David"]
[Black "Kaoma, Micheal"]
[Result "0-1"]
[WhiteElo "1904"]
[BlackElo "2161"]
[PlyCount "46"]
[EventDate "2024.09.11"]
[EventType "team"]
[EventRounds "11"]
[EventCountry "HUN"]
[WhiteTeam "Cape Verde"]
[BlackTeam "Zambia"]
[BlackTeamCountry "ZAM"]

1. e4 c5 2. Nf3 Nc6 3. d4 cxd4 4. Nxd4 e6 5. c4 Nf6 6. f3 Bc5 ({RR} 6... d5 7. cxd5 exd5 8. Bb5 Bd7 9. exd5 Nxd5 10. O-O Be7 11. Nc3 Nxc3 12. bxc3 Nxd4 13. Bxd7+ Qxd7 14. cxd4 O-O 15. Be3 Rfd8 16. Qb3 Bf6 17. Rfd1 Qd5 18. Qxd5 Rxd5 19. Rac1 b6 20. Rc7 Ra5 21. Rd2 {Begmuratov,K (2384)-Pichot,A (2641) Chess.com INT 2022 ½-½ (99)}) ({RR} 6... d5 7. cxd5 exd5 8. Bb5 Bd7 9. exd5 Nxd4 10. Bxd7+ Qxd7 11. Qxd4 Qxd5 12. Qxd5 Nxd5 13. Nc3 Nxc3 14. bxc3 Rc8 15. Bd2 Bc5 16. Ke2 O-O 17. Rae1 Rfd8 18. Rd1 Re8+ 19. Kf1 Rcd8 20. Re1 Rxe1+ 21. Kxe1 {Tran Hoang Bao An (1669)-Padmini,R (2339) FIDE Online Arena INT 2024 0-1 (69)}) 7. Nxc6 bxc6 8. Nc3 e5 $146 ({RR} 8... a5 9. Qd3 Qb6 10. Nd1 d5 11. b3 Ba6 12. e5 Nd7 13. f4 Rd8 14. Be3 dxc4 15. Bxc5 cxd3 16. Bxb6 Nxb6 17. Kd2 Nd5 18. g3 g5 19. Ne3 gxf4 20. Nxd5 Rxd5 21. gxf4 Rg8 22. Rc1 Kd7 23. Bh3 {Prekratic,M (1931)-Kitarovic,M (2012) Croatia 2015 0-1 (35)}) 9. Qd3 Qb6 10. Nd1 O-O 11. Be3 d5 12. cxd5 cxd5 13. Bxc5 Qxc5 14. exd5 e4 15. Qc4 Qb6 16. Qb5 exf3 17. Qxb6 axb6 18. Nc3 Bb7 19. O-O-O Rfd8 20. Bc4 Rac8 21. Rd4 fxg2 22. Rg1 Nxd5 23. Nxd5 Rxd5 0-1

[Event "45th Olympiad Budapest 2024"]
[Site "Budapest"]
[Date "2024.09.20"]
[Round "9.4"]
[White "Hapaku, Charles"]
[Black "Vaz, Jose Carlos"]
[Result "1-0"]
[WhiteElo "2102"]
[BlackElo "1909"]
[PlyCount "89"]
[EventDate "2024.09.11"]
[EventType "team"]
[EventRounds "11"]
[EventCountry "HUN"]
[WhiteTeam "Zambia"]
[BlackTeam "Cape Verde"]
[WhiteTeamCountry "ZAM"]

1. c4 c5 2. Nf3 Nf6 3. Nc3 g6 4. d4 cxd4 5. Nxd4 Bg7 6. e4 d6 7. Be2 O-O 8. O-O Nc6 9. Be3 Bd7 10. Rc1 Rc8 11. f3 a6 12. Qd2 h5 13. Rfd1 ({RR} 13. Nd5 Nxd5 14. exd5 Nxd4 15. Bxd4 Bxd4+ 16. Qxd4 Qa5 17. a3 Qc5 18. Qxc5 Rxc5 19. b4 Rc7 20. Rc3 Rfc8 21. Rfc1 e6 22. dxe6 Bxe6 23. Kf2 a5 24. Ke3 axb4 25. axb4 Ra8 26. c5 dxc5 27. Rxc5 Re7 {Sharapov,E (2375)-Lewicki,M (2339) chess.com INT 2024 ½-½ (49)}) 13... Kh7 14. Nb3 $146 ({RR} 14. Nc2 Ne5 15. b3 Qc7 16. Nd4 Qb8 17. a3 Nc6 18. Nc2 Na5 19. Na1 b5 20. e5 dxe5 21. Ne4 Nxe4 22. fxe4 Nc6 23. Qxd7 Rfd8 24. Qh3 Nd4 25. Bxd4 exd4 26. Nc2 Qb6 27. Kh1 e6 28. Rf1 Rc7 {Dudys,J (2098)-Januszewski,P (1848) Chotowa 2009 1-0 (35)}) ({RR} 14. Nxc6 Bxc6 15. b4 Bd7 16. c5 Be6 17. Nd5 dxc5 18. bxc5 Bxd5 19. exd5 e6 20. dxe6 Qxd2 21. Rxd2 fxe6 22. Bc4 e5 23. Rb1 Rc7 24. Bd5 Nxd5 25. Rxd5 Re8 26. Kf2 Bf8 27. Rbd1 Kg7 28. Rd7+ Rxd7 {Cheparinov,I (2696)-Mamedyarov,S (2731) Elista 2008 ½-½ (60)}) ({RR} 14. Nc2 Ne5 15. b3 Qe8 16. a4 Qd8 17. Bf1 Rh8 18. Nb4 h4 19. Nd3 Nc6 20. Qf2 Kg8 21. Nd5 h3 22. g3 Qe8 23. Nb6 Rc7 24. c5 Be6 25. cxd6 exd6 26. b4 d5 27. b5 dxe4 28. bxc6 exd3 {Justo,V (2117)-Plazaola,M (2086) Buenos Aires 2008 ½-½ (53)}) ({RR} 14. Nxc6 Bxc6 15. b4 Bd7 16. c5 dxc5 17. e5 cxb4 18. exf6 bxc3 19. Qxd7 Qxd7 20. Rxd7 Bxf6 21. Rxb7 Rc6 22. Rc2 Rd8 23. Kf2 Kg7 24. Rb4 Kh7 25. Rc4 Re6 26. Ra4 Rc6 27. Rxa6 Rcc8 28. a4 Rb8 {Dornbusch,T-Boitsun Yalta 1996 1-0 (48)}) 14... b6 15. Nd5 Rb8 16. Bf1 Be6 17. Qf2 Nd7 18. Nf4 Qc8 19. Nxe6 fxe6 20. h3 Nc5 21. Nd4 Nxe4 22. Qc2 Ng3 23. Nxc6 Qxc6 24. Bd3 Nf5 25. Bf2 Qe8 26. b4 a5 27. Rb1 Qf7 28. bxa5 bxa5 29. Rb5 Rfc8 30. Qb1 Ra8 31. g4 hxg4 32. fxg4 Nh6 33. Rg5 Qf3 34. Rxg6 Kg8 35. Be4 Qxh3 36. Rd3 Rab8 37. Rxg7+ Kxg7 38. Qa1+ e5 39. Rxh3 Rxc4 40. Qe1 Rbb4 41. Qe3 Rxe4 42. Qxh6+ Kf7 43. Qh5+ Ke6 44. Qf5+ Kd5 45. Rd3+ 1-0

[Event "45th Olympiad Budapest 2024"]
[Site "Budapest"]
[Date "2024.09.20"]
[Round "9.1"]
[White "Bagheri, Amir"]
[Black "Michaelides, Konstantinos"]
[Result "1/2-1/2"]
[WhiteElo "2372"]
[BlackElo "2297"]
[PlyCount "162"]
[EventDate "2024.09.11"]
[EventType "team"]
[EventRounds "11"]
[EventCountry "HUN"]
[WhiteTeam "Monaco"]
[BlackTeam "Cyprus"]
[WhiteTeamCountry "MNC"]
[BlackTeamCountry "CYP"]

1. d4 Nf6 2. Nf3 e6 3. Bf4 c5 4. e3 cxd4 5. exd4 b6 6. Nbd2 Be7 7. a4 Ba6 8. Bb5 Bb7 9. O-O O-O 10. h3 a6 11. Bd3 d6 12. Re1 Nbd7 13. c3 Re8 14. Bh2 Bc6 ({RR} 14... Nf8 15. Nf1 Ng6 16. Ne3 Nd5 17. Nc4 b5 18. Ncd2 b4 19. c4 Ndf4 20. Bf1 d5 21. c5 Nh5 22. a5 Nf6 23. Qb3 Ne4 24. Qxb4 e5 25. Qxb7 exd4 26. Nxe4 dxe4 27. Qxe4 Bxc5 28. Qxe8+ Qxe8 29. Rxe8+ {Salinas Herrera,P (2485)-Ristic,N (2248) chess.com INT 2024 1-0}) 15. Qe2 Qc8 16. Ng5 $146 ({RR} 16. Nc4 Qc7 17. Ne3 Qb7 18. Nc4 Qc7 19. Ncd2 Qb7 20. b4 Rec8 21. c4 a5 22. d5 {1-0 (21) Malakhovets,S (1939)-Abrahams,D (2149) Toronto 2022}) 16... Bf8 17. Nge4 Nxe4 18. Nxe4 e5 19. Ng5 e4 20. Qh5 Nf6 21. Qxf7+ Kh8 22. Qb3 h6 23. Nf7+ Kh7 24. c4 Qd7 25. Bc2 Qxf7 26. d5 Bd7 27. Qxb6 Rab8 28. Qd4 Bf5 29. a5 Nd7 30. Bxe4 Bxe4 31. Rxe4 Rxe4 32. Qxe4+ Qg6 33. Qe2 Nc5 34. Rd1 Rb3 35. Bf4 Qe4 36. Qxe4+ Nxe4 37. Re1 Nc5 38. Re8 Nd7 39. Rd8 Rb7 40. b4 Be7 41. Ra8 Nb8 42. c5 Rxb4 43. c6 Nxc6 44. dxc6 Rc4 45. c7 Rxc7 46. Rxa6 Rc5 47. Ra7 Bd8 48. a6 Ra5 49. Bxd6 Bb6 50. Rb7 Bd4 51. g4 Rxa6 52. Bg3 Ra3 53. Kg2 Ra2 54. Rd7 Bf6 55. Bf4 Ra3 56. Be3 Rb3 57. Rc7 Rd3 58. Kf3 Ra3 59. Rc8 Rb3 60. Re8 Kg6 61. Kg3 Kf7 62. Re4 Kg6 63. f4 Kf7 64. h4 Bd4 65. Kf3 Bxe3 66. Rxe3 Rb1 67. g5 hxg5 68. hxg5 Rb5 69. Kg4 g6 70. Rc3 Rb7 71. Rc6 Rb3 72. Rf6+ Kg7 73. Re6 Kf7 74. Re2 Ra3 75. Rf2 Ra4 76. Rf3 Rb4 77. Rd3 Re4 78. Kf3 Re7 79. Rd5 Re8 80. Re5 Ra8 81. Kg4 Ra3 1/2-1/2

[Event "45th Olympiad Budapest 2024"]
[Site "Budapest"]
[Date "2024.09.20"]
[Round "9.2"]
[White "Isaakidis, Alexandros"]
[Black "Levacic, Damir"]
[Result "1-0"]
[WhiteElo "2155"]
[BlackElo "2097"]
[PlyCount "43"]
[EventDate "2024.09.11"]
[EventType "team"]
[EventRounds "11"]
[EventCountry "HUN"]
[WhiteTeam "Cyprus"]
[BlackTeam "Monaco"]
[WhiteTeamCountry "CYP"]
[BlackTeamCountry "MNC"]

1. e4 g6 2. d4 Bg7 3. c4 c5 4. d5 d6 5. Nc3 Bxc3+ 6. bxc3 e5 7. Bd3 h5 ({RR} 7... Nd7 8. f4 exf4 9. Bxf4 Qh4+ 10. Bg3 Qe7 11. Nf3 Nh6 12. e5 Nxe5 13. Nxe5 dxe5 14. O-O O-O 15. Qd2 Nf5 16. Bxf5 Bxf5 17. Rf2 f6 18. Raf1 Rad8 19. Qe3 b6 20. Bh4 Rd6 21. h3 Bd7 22. Rf3 {Duda,J (2731)-Carlsen,M (2859) chess24.com INT 2022 0-1 (63)}) ({RR} 7... Nd7 8. Rb1 h6 9. f4 Qh4+ 10. g3 Qf6 11. Nf3 exf4 12. gxf4 g5 13. fxg5 hxg5 14. Bxg5 Qg7 15. Bf4 Ne5 16. Bxe5 dxe5 17. Rg1 Qf6 18. Rb2 Ne7 19. Rf2 Ng6 20. Rg5 Rh3 21. Rg3 Rxg3 22. hxg3 {Masague Artero,G (2324)-Aloma Vidal,R (2446) Barcelona ESP 2024 1-0 (66)}) 8. f4 Qa5 $146 ({RR} 8... exf4 9. Bxf4 g5 10. Be3 g4 11. Bf4 Qf6 12. Ne2 Ne7 13. O-O Ng6 14. Be3 Qg7 15. Qd2 Ne5 16. Rf2 h4 17. Bf4 Nbd7 18. Raf1 Nf3+ 19. gxf3 gxf3+ 20. Ng3 hxg3 21. Bxg3 Ne5 22. Kh1 Qxg3 23. Rg1 {Torricelli,L (1726)-McDonald,A London 2012 0-1 (34)}) ({RR} 8... Qf6 9. fxe5 Qxe5 10. Qc2 Nd7 11. Nf3 Qe7 12. O-O Nh6 13. h3 Ne5 14. Nxe5 dxe5 15. Be3 f6 16. Qf2 {1-0 (16) Kavalek,L-Barendregt,J Amsterdam 1969}) 9. Qb3 Nd7 10. Nf3 f6 11. O-O Kd8 12. fxe5 Nxe5 13. Nxe5 dxe5 14. Bg5 Ke7 15. d6+ Ke6 16. d7 fxg5 17. Rf8 Kxd7 18. Raf1 Qb6 19. R1f7+ Ke6 20. Qd1 Qd6 21. Qf1 Bd7 22. Rxg8 1-0

[Event "45th Olympiad Budapest 2024"]
[Site "Budapest"]
[Date "2024.09.20"]
[Round "9.3"]
[White "Meylan, Andre"]
[Black "Savva, Panikos"]
[Result "1-0"]
[WhiteElo "2165"]
[BlackElo "1973"]
[PlyCount "85"]
[EventDate "2024.09.11"]
[EventType "team"]
[EventRounds "11"]
[EventCountry "HUN"]
[WhiteTeam "Monaco"]
[BlackTeam "Cyprus"]
[WhiteTeamCountry "MNC"]
[BlackTeamCountry "CYP"]

1. e4 c5 2. Nf3 e6 3. d4 cxd4 4. Nxd4 Nc6 5. c4 Nf6 6. Nc3 Bb4 7. Nxc6 dxc6 8. Qxd8+ Kxd8 9. e5 Nd7 ({RR} 9... Ne4 10. a3 Bxc3+ 11. bxc3 b6 12. h4 Ba6 13. h5 h6 14. Rh4 f5 15. exf6 Nxf6 16. Bf4 Ke7 17. a4 c5 18. a5 Bb7 19. Bc7 Bc6 20. Be2 Rhf8 21. axb6 axb6 22. Rd1 Rfc8 23. Be5 Rd8 24. Rxd8 {Dubov,D (2614)-Radjabov,T (2717) Bilbao 2014 0-1 (40)}) 10. f4 ({RR} 10. Bf4 Kc7 11. O-O-O Bxc3 12. bxc3 b6 13. h4 Ba6 14. Rh3 h5 15. Rf3 Rhf8 16. Rg3 Rg8 17. Rf3 Raf8 18. Be2 Nc5 19. Bg5 f5 20. exf6 gxf6 21. Bxf6 Kc8 22. g3 Rg4 23. Bd4 Rgg8 24. Rxf8+ Rxf8 {Nyback,T (2578)-Golubovskis,M (2176) Tallinn EST 2024 1-0 (52)}) 10... Ke7 $146 ({RR} 10... Bxc3+ 11. bxc3 c5 12. g4 b6 13. Bg2 Rb8 14. a4 Ba6 15. a5 Bxc4 16. axb6 axb6 17. Ra7 Ke7 18. Kf2 g5 19. Rd1 Bb5 20. c4 Bxc4 21. Rdxd7+ Ke8 22. Re7+ Kd8 23. Rad7+ Kc8 24. Bb7+ Rxb7 25. Rxb7 {Zhurbinsky,D (1823)-Przybylski,W (2321) Chess.com INT 2021 1-0 (46)}) ({RR} 10... Bxc3+ 11. bxc3 b6 12. g3 Kc7 13. Bg2 Ba6 14. Ba3 Bxc4 15. Bd6+ Kb7 16. Kf2 Rhd8 17. Rhb1 b5 18. a4 a6 19. a5 Nf6 20. Rd1 Ng4+ 21. Kg1 Ne3 22. Rd2 Bd5 23. Bf1 Bc4 24. Bg2 Nf5 25. Rad1 {Boder,J (2057)-Nguyen,A (2362) Neustadt an der Weinstrasse 2020 0-1 (42)}) ({RR} 10... Bxc3+ 11. bxc3 b6 12. Be2 Bb7 13. Be3 c5 14. O-O-O Ke7 15. Rhg1 Rad8 16. g4 Ba6 17. h4 Nb8 18. Rde1 Nc6 19. Bf3 Na5 20. f5 Rd7 21. h5 Bxc4 22. h6 gxh6 23. Bxh6 Rd3 24. Bg5+ Kd7 25. Rd1 {Perez Fungueiro,M (2231)-Musalov,R (2387) Pedrido 2003 0-1 (43)}) 11. Be3 b6 12. O-O-O Bxc3 13. bxc3 c5 14. Bd3 Bb7 15. Rd2 h6 16. Rhd1 Rhd8 17. Bf2 f6 18. Bh4 Nf8 19. f5 Nh7 20. exf6+ gxf6 21. Re2 Ng5 22. Bxg5 hxg5 23. Rxe6+ Kf7 24. Be4 Bxe4 25. Rxe4 Rxd1+ 26. Kxd1 Rb8 27. a4 Rd8+ 28. Kc2 Rd6 29. Re3 Rd7 30. Re6 Kg7 31. g3 Kf7 32. Re4 Kg7 33. h4 gxh4 34. Rg4+ Kf7 35. Rxh4 Kg7 36. Rg4+ Kf7 37. Re4 Kg7 38. Re6 Kf7 39. a5 bxa5 40. Rc6 Kg7 41. Rxc5 Kh6 42. Rxa5 Kg5 43. Rd5 1-0

[Event "45th Olympiad Budapest 2024"]
[Site "Budapest"]
[Date "2024.09.20"]
[Round "9.4"]
[White "Kefalas, Loukas"]
[Black "Van Hoolandt, Patrick"]
[Result "0-1"]
[WhiteElo "1912"]
[BlackElo "2036"]
[PlyCount "76"]
[EventDate "2024.09.11"]
[EventType "team"]
[EventRounds "11"]
[EventCountry "HUN"]
[WhiteTeam "Cyprus"]
[BlackTeam "Monaco"]
[WhiteTeamCountry "CYP"]
[BlackTeamCountry "MNC"]

1. Nf3 Nf6 2. d4 e6 3. c4 Bb4+ 4. Nbd2 d5 5. Qa4+ Nc6 6. a3 Be7 7. e3 O-O 8. Qc2 Re8 ({RR} 8... Nb8 9. Bd3 Nbd7 10. c5 c6 11. b4 b6 12. cxb6 Qxb6 13. Nb3 Ba6 14. O-O Bxd3 15. Qxd3 Ne4 16. Bd2 Nd6 17. Na5 Nb7 18. Rfc1 Rfc8 19. Nb3 Nd6 20. Be1 Bf6 21. Qd1 Nc4 22. Nfd2 Nd6 23. Ra2 {Gelfand,B (2685)-Lomasov,S (2533) Moscow 2020 ½-½ (66)}) ({RR} 8... a6 9. Bd3 h6 10. b3 Re8 11. Bb2 Bf8 12. Rg1 dxc4 13. Nxc4 b5 14. Nce5 Nxe5 15. dxe5 Nd5 16. Rd1 Qe7 17. Nd4 c5 18. Nf3 Bb7 19. Qe2 Rac8 20. Nd2 Nb6 21. Bb1 Red8 22. f4 c4 23. bxc4 {Oros,R (2245)-Antunes,L (2045) chess.com INT 2024 ½-½ (44)}) 9. b3 Bd6 $146 ({RR} 9... Bf8 10. Bb2 Nd7 11. Bd3 g6 12. h4 h6 13. O-O-O Bg7 14. g4 Qe7 15. g5 h5 16. e4 dxc4 17. Nxc4 e5 18. d5 Nd4 19. Nxd4 exd4 20. Rhe1 Nc5 21. b4 Nxd3+ 22. Qxd3 a5 23. Nxa5 Qd6 24. Bxd4 {Saric,S (2448)-Abramovic,B (2460) Kragujevac 2011 ½-½ (72)}) ({RR} 9... Nb8 10. Bb2 Nbd7 11. Bd3 c5 12. cxd5 exd5 13. O-O cxd4 14. Bxd4 Nf8 15. Rfc1 Ne6 16. Bb2 Bd7 17. Ne5 Rc8 18. Qd1 Nc5 19. Nxd7 Qxd7 20. Be2 Qf5 21. Bd4 a6 22. b4 Nce4 23. Nxe4 {½-½ (23) Stohl,I (2455)-Mokry,K (2500) Prague 1989}) ({RR} 9... Nd7 10. Bb2 Nf8 11. Bd3 Bf6 12. O-O Ne7 13. e4 Neg6 14. Rfe1 dxc4 15. Nxc4 b6 16. Rad1 Bb7 17. Bf1 Rc8 18. g3 Be7 19. Bg2 c6 20. h4 f6 21. b4 Nh8 22. Qb3 Nf7 23. Bh3 Qc7 24. Ne3 {Kempinski,R (2579)-Reddmann,H (2322) Hamburg 2007 1-0 (39)}) 10. c5 Bf8 11. Bb2 Qe7 12. b4 a6 13. Bd3 g6 14. O-O Bg7 15. Qb3 Bd7 16. a4 e5 17. dxe5 Ng4 18. Be2 Ngxe5 19. Rac1 Be6 20. Nxe5 Nxe5 21. Bd4 c6 22. Qc3 f6 23. h3 Bd7 24. Rb1 Qd8 25. Rb3 Qe7 26. Rfb1 Bf5 27. R1b2 Qc7 28. b5 axb5 29. axb5 Ra1+ 30. Bf1 Rea8 31. bxc6 bxc6 32. Rb6 Nd7 33. Rb7 Qa5 34. Qxa5 R1xa5 35. Rc7 Nxc5 36. Bxc5 Rxc5 37. Rbb7 Bf8 38. Kh2 Bd6+ 0-1

[Event "45th Olympiad Budapest 2024"]
[Site "Budapest"]
[Date "2024.09.20"]
[Round "9.1"]
[White "Kigigha, Bomo Lovet"]
[Black "Khusenkhojaev, Mustafokhuja"]
[Result "0-1"]
[WhiteElo "2217"]
[BlackElo "2283"]
[PlyCount "58"]
[EventDate "2024.09.11"]
[EventType "team"]
[EventRounds "11"]
[EventCountry "HUN"]
[WhiteTeam "Nigeria"]
[BlackTeam "Tajikistan"]
[WhiteTeamCountry "NGR"]
[BlackTeamCountry "TJK"]

1. c4 Nf6 2. Nc3 c5 3. g3 d5 4. cxd5 Nxd5 5. Bg2 Nc7 6. b3 e5 7. Bb2 Be7 8. Rc1 f6 9. Nf3 O-O 10. O-O Nc6 11. d3 Be6 12. Ne4 ({RR} 12. e3 Qe8 13. Ne4 Na6 14. Ba3 Ncb4 15. Bxb4 cxb4 16. d4 Bd5 17. Nfd2 exd4 18. Nxf6+ Bxf6 19. Bxd5+ Kh8 20. exd4 Qd7 21. Bg2 Rad8 22. Nf3 Nc7 23. Rc4 a5 24. Qc2 Ne6 25. h4 b5 26. Rc6 {½-½ (26) Ionescu,C (2525)-Marin,M (2545) Bucharest 1996}) 12... b6 13. e3 ({RR} 13. a3 Bd5 14. Nc3 Be6 15. Nd2 Qd7 16. b4 Rac8 17. bxc5 bxc5 18. Nce4 Na6 19. Nc4 Rb8 20. Ba1 Nd4 21. e3 Nb3 22. Rc3 Rfd8 23. Rxb3 Bxc4 24. Rxb8 Nxb8 25. Qc1 Bxd3 26. Rd1 c4 27. Nc3 Kh8 {Mahalakshmi,M (2199)-Sydykov,B (2268) chess.com INT 2024 0-1 (43)}) 13... Nb4 $146 ({RR} 13... Rc8 14. d4 f5 15. Neg5 exd4 16. exd4 Bxg5 17. Nxg5 Nxd4 18. Bxd4 Qxg5 19. Be5 Rf7 20. Qe2 Bd5 21. Bxc7 Bxg2 22. Bf4 Bxf1 23. Kxf1 Qe7 24. Qc4 Qe4 25. Qxe4 fxe4 26. Ke2 Rd7 27. h4 Kf7 28. Ke3 {Pechonkin,O (1957)-Goroshkova,L (1990) Alushta 2011 0-1 (54)}) ({RR} 13... Rc8 14. Qe2 Qd6 15. Nxd6 {1-0 (15) Schwarz,F (1984)-Kreigenfeld,S (1791) Playchess.com INT 2020}) 14. d4 f5 15. Nc3 e4 16. Ne1 cxd4 17. exd4 Bg5 18. Rb1 Ncd5 19. Nxd5 Nxd5 20. Nc2 Rc8 21. Qe2 Re8 22. Rfd1 Bf7 23. Bh3 f4 24. Bxc8 Qxc8 25. Ne1 f3 26. Qf1 e3 27. fxe3 Nxe3 28. Qxf3 Bd5 29. Rdc1 Qa6 0-1